Intimacy : (Record no. 478667)

000 -LEADER
fixed length control field 00952cam a2200277 a 4500
001 - CONTROL NUMBER
control field 2599518
003 - CONTROL NUMBER IDENTIFIER
control field NUST
005 - DATE AND TIME OF LATEST TRANSACTION
control field 20180702104117.0
008 - FIXED-LENGTH DATA ELEMENTS--GENERAL INFORMATION
fixed length control field 971003s1998 enk b 001 0 eng
010 ## - LIBRARY OF CONGRESS CONTROL NUMBER
LC control number 97038761
020 ## - INTERNATIONAL STANDARD BOOK NUMBER
International Standard Book Number 0745615732 (alk. paper)
020 ## - INTERNATIONAL STANDARD BOOK NUMBER
International Standard Book Number 0745615740 (pbk. : alk. paper)
038 ## - RECORD CONTENT LICENSOR
Staff Name azhar
040 ## - CATALOGING SOURCE
Original cataloging agency DLC
Transcribing agency DLC
Modifying agency DLC
050 00 - LIBRARY OF CONGRESS CALL NUMBER
Classification number BF575.I5
Item number J36 1998
082 00 - DEWEY DECIMAL CLASSIFICATION NUMBER
Classification number 158.2
Edition number 21
100 1# - MAIN ENTRY--PERSONAL NAME
Personal name Jamieson, Lynn,
Dates associated with a name 1952-
9 (RLIN) 11363
245 10 - TITLE STATEMENT
Title Intimacy :
Remainder of title personal relationships in modern societies /
Statement of responsibility, etc. Lynn Jamieson.
260 ## - PUBLICATION, DISTRIBUTION, ETC.
Place of publication, distribution, etc. Cambridge ;
-- Malden, MA :
Name of publisher, distributor, etc. Polity Press,
Date of publication, distribution, etc. 1998.
300 ## - PHYSICAL DESCRIPTION
Extent ix, 209 p. ;
Dimensions 23 cm.
504 ## - BIBLIOGRAPHY, ETC. NOTE
Bibliography, etc. note Includes bibliographical references (p. [181]-201) and index.
650 #0 - SUBJECT ADDED ENTRY--TOPICAL TERM
Topical term or geographic name entry element Intimacy (Psychology)
9 (RLIN) 11364
906 ## - LOCAL DATA ELEMENT F, LDF (RLIN)
a 7
b cbc
c orignew
d 1
e ocip
f 19
g y-gencatlg
942 ## - ADDED ENTRY ELEMENTS (KOHA)
Source of classification or shelving scheme
Koha item type Book
Holdings
Withdrawn status Lost status Source of classification or shelving scheme Damaged status Not for loan Collection code Permanent Location Current Location Shelving location Date acquired Total Checkouts Total Renewals Full call number Barcode Date last seen Date last checked out Price effective from Koha item type
            Central Library (CL) Central Library (CL) General Stacks 07/02/2018 1 2 158.2 JAM S3H-S-678 03/03/2025 10/30/2018 07/02/2018 Book
© 2023 Central Library, National University of Sciences and Technology. All Rights Reserved.